Statistics for Country Flags Quiz #5

Click here to take the quiz!

General Stats

  • This quiz has been taken 17 times
  • The average score is 15 of 20

Answer Stats

Answer% Correct
Belize
88%
Panama
88%
Syria
88%
Azerbaijan
81%
Brunei
81%
Dominica
81%
Marshall Islands
81%
Palau
81%
San Marino
81%
Yemen
81%
Ivory Coast
75%
Madagascar
75%
Turkmenistan
75%
East Timor
69%
El Salvador
69%
Eritrea
69%
Lithuania
69%
Mauritania
69%
Burundi
63%
Suriname
63%

Score Distribution

Percentile by Number Answered

Percent of People with Each Score

Your Score History

You have not taken this quiz